Electus. A Radio. Praktická elektronika

Salvato in:
Dettagli Bibliografici
Natura: Periodico
Pubblicazione: 1998
Tags: Aggiungi Tag
Nessun Tag, puoi essere il primo ad aggiungerne!!

MARC

LEADER 00000nas a22000003a 4500
001 stu72323
005 20141121232344.6
008 011106s1998----------------------------d
040 |a STU  |b slo 
041 0
245 |a Electus. A Radio. Praktická elektronika 
260 |c 1998 
500 |a 1998 
773 0 |t Electus. A Radio. Praktická elektronika  |w stu_us_cat*stu59332  |x 1211-7005  |7 nnas 
996 |d Roč. 1998, 1998  |v Roč. 1998  |y 1998  |l EE0103  |s A  |a 24  |w stu72323_0001